000 00616nam a2200169 i 4500
001 149492
003 ES-MaACL
005 20230906203127.0
007 t|
008 071023s1912 sp ||||1| spa d
100 1 _aVázquez Aroca, Rafael.
_9113394
245 1 0 _aInstituto General y Técnico de Burgos
_b: memoria... acerca de su estado en el curso académico de 1911 a 1912 /
_cRafael Vázquez Aroca.
260 _aCórdoba :
_b[s.n.],
_c1912.
610 2 4 _aInstituto General y Técnico de Burgos-
_vMemorias.
_9144974
710 2 _aInstituto General y Técnico de Burgos.
_95063
852 _aES-MaACL
_jT-1383-F-3
999 _c149492
_d149492